000 01414 a2200217 4500
001 53827
005 20260407155809.0
008 260407a1956 arg spa d
003 AR-UNSa-BCEJYS
040 _aAR-UNSa-BCEJYS
_bspa
_cAR-UNSa-BCEJYS
080 _a336.02
_xPolítica financiera. Política fiscal
245 1 0 _aLos efectos económicos de la política fiscal
264 1 _aMadrid :
_bAguilar
_c1956
300 _a408 p.
_c22 cm.
505 _a1. Aspectos primarios de la política financiera como instrumento para la política de la coyuntura - 2. Los efectos de las variaciones en el volumen de los "gastos corrientes" durante una coyuntura descendente - 3. Efectos de las variaciones en el volumen de los gastos para "obras públicas" durante una coyuntura descendente - 4. Los efectos sobre el mercado de capitales.El espacio internacional para la política nacional de la coyuntura - 5. Métodos mediante los cuales podemos ampliar el espacio internacional de una política nacional de la coyuntura.Comparación entre distintas medidas de política financiera,teniendo en cuenta la eficiencia de la política de la coyuntura,con la cual se utiliza el espacio internacional - 5. La política financiera y el mercado del trabajo - 6. Resumen final
942 _cBK
590 _aniveau_biblio:m niveau_hierar:0
100 1 _aMyrdal, Gunnar
700 1 _aBecker, Bengt
700 1 _aDe Torres, Manuel
999 _c5251
_d5251